Trouver tous les personnages de Vis A Vis - Statistiques

Statistiques générales
  • Ce quiz a été pris 20 fois
  • Le résultat moyen est 20 sur 41
Statistiques - réponses
Hint Réponse % Correct
3 Estefania Kabila
100%
1 Macarena Ferreiro
100%
4 Saray Vargas
100%
2 Zulema Zahir
100%
7 Anabel Villaroch
91%
9 Fabio Martinez
91%
8 Antonia Trujillo
82%
10 Carlos Sandoval
73%
26 Goya
73%
22 Maria Prieto
73%
5 Soledad Nunez
73%
6 Teresa Gonzalez
73%
17 Antonio Palacios
64%
16 Miranda Aguirre
64%
18 Valbuena
64%
27 Altagracia
55%
20 Cristina Marquina
55%
15 Encarna Molina
55%
30 Fatima Amin
55%
11 Inspector Castillo
55%
12 Leopoldo Ferreiro
55%
29 Mercedes Carillo
55%
13 Roman Ferreiro
55%
33 Akame
45%
37 Antonio Hierro
36%
14 Hanbal Hamadi
36%
24 Lucia
36%
39 Paloma Garrido
36%
35 Andrés Frutos
27%
40 Inspector Nerea
27%
28 Luna
27%
19 Yolanda Montero
27%
38 Helena Martin
18%
31 Camilo Jalapeno
9%
23 Carolina
9%
41 Inspector Pipiolo
9%
25 Lidia
9%
21 Magdalena Cruz
9%
32 Nuria Millan
9%
34 Pruden
9%
36 Alex Montcada
0%
Aucun quiz correspondant
Distribution des résultats
% des personnes avec chaque résultat
Percentile par nombre de réponses
Votre historique - résultats
Vous n’avez pas pris ce quiz